[Event "40th Olympiad Women"]
[Site "Istanbul TUR"]
[Date "2012.09.03"]
[Round "6.50"]
[Board "4"]
[White "Awad, Omaima"]
[Black "Meyer, Marany"]
[Result "0-1"]
[WhiteTitle "WCM"]
[BlackTitle "WIM"]
[WhiteElo "1675"]
[BlackElo "2117"]
[WhiteTeam "Yemen"]
[BlackTeam "New Zealand"]
[WhiteFideId "9400117"]
[BlackFideId "14300435"]
[EventDate "2012.08.28"]

1. e4 e6 2. d4 d5 3. exd5 exd5 4. Bd3 Nc6 5. Ne2 Bd6 6. Nbc3 Nge7 7. Nb5 Bg4 8.
Nxd6+ Qxd6 9. f3 Bh5 10. Bf4 Qd7 11. Qd2 f6 12. O-O-O O-O-O 13. Rhe1 Bf7 14. Bb5
Rde8 15. Nc3 Nf5 16. Bxc6 Qxc6 17. Qd3 Nd6 18. Bxd6 Qxd6 19. Rxe8+ Bxe8 20. Qf5+
Bd7 21. Qxd5 Qxh2 22. Re1 Qxg2 23. Re7 Rd8 24. Rxd7 Rxd7 25. Qg8+ Rd8 26. Qe6+
Kb8 27. Qe7 Qg1+ 0-1

[Event "40th Olympiad Women"]
[Site "Istanbul TUR"]
[Date "2012.09.03"]
[Round "6.51"]
[Board "1"]
[White "Ishizuka, Mirai"]
[Black "Vilhete, Vania Fausto Da T."]
[Result "0-1"]
[WhiteElo "1839"]
[BlackElo "1816"]
[WhiteTeam "Japan"]
[BlackTeam "Mozambique"]
[WhiteFideId "7001070"]
[BlackFideId "14800144"]
[EventDate "2012.08.28"]

1. e4 c5 2. Nf3 d6 3. d4 cxd4 4. Nxd4 Nf6 5. Nc3 a6 6. Be3 e6 7. f3 Be7 8. g4 b5
9. Qd2 Qc7 10. O-O-O Nc6 11. Nxc6 Qxc6 12. Bd3 Bb7 13. Kb1 Rc8 14. g5 Nd7 15. h4
Ne5 16. f4 Nc4 17. Qf2 Nxb2 18. Kxb2 Qxc3+ 19. Kb1 Qb4+ 20. Ka1 Bxe4 21. Bxe4
Qxe4 22. Rd2 Qxh1+ 0-1

[Event "40th Olympiad Women"]
[Site "Istanbul TUR"]
[Date "2012.09.03"]
[Round "6.54"]
[Board "1"]
[White "Lin, Yu-Tong Elaine"]
[Black "Kim, Taegyeong"]
[Result "1-0"]
[BlackTitle "WCM"]
[WhiteElo "1482"]
[BlackElo "1536"]
[WhiteTeam "Chinese Taipei"]
[BlackTeam "South Korea"]
[WhiteFideId "16300149"]
[BlackFideId "13200976"]
[EventDate "2012.08.28"]

1. e4 Nf6 2. e5 Nd5 3. g3 d6 4. exd6 exd6 5. Bg2 Nb6 6. Ne2 Be7 7. O-O O-O 8. d4
Nc6 9. a4 Bf6 10. c3 Be6 11. d5 Bd7 12. dxc6 Bxc6 13. Bxc6 bxc6 14. a5 Nd5 15.
Nf4 Ne7 16. Nd2 Rb8 17. Ne4 Be5 18. Qc2 h6 19. Nd3 Ng6 20. Nxe5 Nxe5 21. f4 Nd7
22. b4 Re8 23. Nf2 Nf6 24. Bd2 Nd5 25. Rfe1 Qd7 26. Rxe8+ Rxe8 27. Re1 Rxe1+ 28.
Bxe1 Qe6 29. Qe4 Qd7 30. Nd1 Nf6 31. Qe3 Qh3 32. Nf2 Ng4 33. Qe8+ 1-0

[Event "40th Olympiad Women"]
[Site "Istanbul TUR"]
[Date "2012.09.03"]
[Round "6.54"]
[Board "4"]
[White "Cho, Yeonhee"]
[Black "Wang, Mi"]
[Result "1-0"]
[WhiteElo "1542"]
[BlackElo "1533"]
[WhiteTeam "South Korea"]
[BlackTeam "Chinese Taipei"]
[WhiteFideId "13201190"]
[BlackFideId "16300483"]
[EventDate "2012.08.28"]

1. e4 e5 2. Nf3 Nc6 3. d4 exd4 4. Bc4 Nf6 5. e5 Qe7 6. O-O Ng4 7. Bf4 b6 8. h3
Nh6 9. Bg5 Qb4 10. Bb3 Be7 11. a3 Qc5 12. Bf4 Bb7 13. Qd3 O-O-O 14. Nbd2 Na5 15.
Ba2 Bxf3 16. Qxf3 Qc6 17. Bd5 Qb5 18. a4 Qc5 19. Ne4 Qxc2 20. e6 Bd6 21. Nxd6+
Kb8 22. Rfc1 Qg6 23. Rxc7 dxe6 24. Be4 f5 25. Bxf5 exf5 26. Rb7+ Ka8 27. Rxb6+ 1-0

[Event "40th Olympiad Women"]
[Site "Istanbul TUR"]
[Date "2012.09.03"]
[Round "6.55"]
[Board "1"]
[White "Richards, Deborah"]
[Black "Ramos Dos, Rosangela"]
[Result "1-0"]
[WhiteTitle "WFM"]
[WhiteElo "1997"]
[BlackElo "1707"]
[WhiteTeam "Jamaica"]
[BlackTeam "Suriname"]
[WhiteFideId "7400446"]
[BlackFideId "8200521"]
[EventDate "2012.08.28"]

1. c4 e5 2. Nc3 Nc6 3. g3 Nf6 4. Bg2 Be7 5. d3 O-O 6. a3 a5 7. Rb1 Re8 8. Bd2 b6
9. Nf3 Bb7 10. Nxe5 Bc5 11. Nf3 Nd4 12. e3 Nc6 13. O-O d5 14. cxd5 Nxd5 15. Nxd5
Qxd5 16. Bc3 Qd7 17. Re1 Rab8 18. d4 Bd6 19. e4 Nd8 20. d5 f6 21. Rc1 Kh8 22.
Nd4 c6 23. dxc6 Bxc6 24. Nxc6 Nxc6 25. Qd5 Rbd8 26. Bxf6 gxf6 27. Qxc6 Qxc6 28.
Rxc6 Bc5 29. Rxf6 Rd2 30. b4 axb4 31. axb4 Bxb4 32. Rxb6 Bc5 33. Rf6 Bd4 34. Rf5
Bg7 35. e5 Re7 36. Bf1 Rd4 37. e6 Rd6 38. Bc4 Rd8 39. Rf7 Rxf7 40. exf7 Rf8 41.
Re8 Bh6 42. Rxf8+ Bxf8 43. f4 Kg7 44. Kg2 Bd6 45. Kf3 Bc5 46. g4 Bd6 47. h4 h6
48. g5 Be7 49. Kg4 Bd6 50. Kf5 hxg5 51. fxg5 Ba3 52. h5 Bb2 53. h6+ Kf8 54. g6
Bc3 55. Ke6 Bh8 56. g7+ Bxg7 57. hxg7+ Kxg7 58. Bf1 1-0

[Event "40th Olympiad Women"]
[Site "Istanbul TUR"]
[Date "2012.09.03"]
[Round "6.55"]
[Board "3"]
[White "Zhu, Hui"]
[Black "Ooft, Tesora"]
[Result "0-1"]
[WhiteTitle "WCM"]
[BlackTitle "WCM"]
[WhiteElo "1952"]
[BlackElo "1716"]
[WhiteTeam "Jamaica"]
[BlackTeam "Suriname"]
[WhiteFideId "7400390"]
[BlackFideId "8200475"]
[EventDate "2012.08.28"]

1. e4 c5 2. Nf3 d6 3. c3 Nf6 4. Be2 g6 5. O-O Bg7 6. Qc2 Nc6 7. d4 cxd4 8. cxd4
O-O 9. Nc3 Bg4 10. Be3 d5 11. e5 Nd7 12. Rfd1 Nb6 13. Ne1 Bxe2 14. Qxe2 Rc8 15.
Rac1 a6 16. Bg5 Qd7 17. Nf3 h6 18. Bh4 e6 19. Qc2 Ne7 20. Bxe7 Qxe7 21. Qb3 Nc4
22. Na4 Rc6 23. Qd3 b5 24. b3 Nxe5 25. Nxe5 Rxc1 26. Rxc1 Bxe5 27. dxe5 bxa4 28.
Qxa6 axb3 29. axb3 Qg5 30. Re1 Qd2 31. Qe2 Qc3 32. Qd1 Rc8 33. Re3 Qc1 34. Rd3
Qf4 35. g3 Qxe5 36. Kg2 Qb2 37. Qf3 Rc2 38. Qe3 Kg7 39. Qd4+ Qxd4 40. Rxd4 Rc5
41. Rd2 Rb5 42. Rb2 e5 43. f3 Kf6 44. Kf2 Ke6 45. Ke2 d4 46. Kd3 Kd5 47. Kd2 f5
48. Rb1 e4 49. f4 e3+ 50. Kd3 Rc5 51. Rb2 Rc3+ 52. Ke2 Ke4 53. b4 Rc2+ 0-1

[Event "40th Olympiad Women"]
[Site "Istanbul TUR"]
[Date "2012.09.03"]
[Round "6.58"]
[Board "1"]
[White "Howard, Corinne"]
[Black "Soondarsingh, Aditi"]
[Result "1-0"]
[WhiteElo "1720"]
[BlackElo "1772"]
[WhiteTeam "Barbados"]
[BlackTeam "Trinidad & Tobago"]
[WhiteFideId "11100362"]
[BlackFideId "7700598"]
[EventDate "2012.08.28"]

1. e4 c5 2. c3 d5 3. exd5 Qxd5 4. d4 e6 5. Nf3 Nf6 6. Be2 Be7 7. O-O Nc6 8. Na3
O-O 9. Nb5 Qd8 10. a4 a6 11. Na3 b6 12. h3 Bb7 13. Re1 Qc7 14. Bg5 cxd4 15. cxd4
Nd5 16. Bxe7 Qxe7 17. Rc1 Rfd8 18. Nc4 b5 19. Nce5 Nxe5 20. Nxe5 Nf4 21. Bf3
Bxf3 22. Nxf3 Rac8 23. Rxc8 Rxc8 24. Qd2 Nd5 25. axb5 axb5 26. Rc1 Rxc1+ 27.
Qxc1 g6 28. Qc8+ Kg7 29. Qc5 Qb7 30. b4 Nf4 31. Qe5+ f6 32. Qxf4 Qe7 33. Qd2 Qd6
34. Qc3 Kf7 35. Qc5 Qf4 36. Qxb5 Qc1+ 37. Qf1 Qb2 38. b5 Ke7 39. Kh2 Qb4 40. Kg1
Qb2 41. Kh1 Kd6 42. Kg1 f5 43. Qe1 Qxb5 44. Qe5+ Qxe5 45. dxe5+ Kd5 46. Kf1 h6
47. Ke2 Ke4 48. Kd2 g5 49. Ke2 g4 50. hxg4 fxg4 51. Nh2 h5 52. g3 Kxe5 53. Ke3
Kf5 54. Nf1 Ke5 55. Nd2 Kd5 56. Ne4 Ke5 57. Nc5 Kf5 58. Nd3 e5 59. Nc5 Kg5 60.
Ne6+ Kf5 61. Ng7+ Kg6 62. Nxh5 Kxh5 63. Ke4 Kg6 64. Kxe5 Kg5 65. Ke4 Kg6 66. Kf4
Kh5 67. Ke4 1-0

[Event "40th Olympiad Women"]
[Site "Istanbul TUR"]
[Date "2012.09.03"]
[Round "6.58"]
[Board "2"]
[White "Smith, Javanna"]
[Black "Blackman, Katrina"]
[Result "1/2-1/2"]
[WhiteTitle "WCM"]
[WhiteElo "1689"]
[BlackElo "1594"]
[WhiteTeam "Trinidad & Tobago"]
[BlackTeam "Barbados"]
[WhiteFideId "7700466"]
[BlackFideId "11100540"]
[EventDate "2012.08.28"]

1. e4 e6 2. d4 d5 3. Nd2 Nf6 4. e5 Nfd7 5. c3 c5 6. Bd3 b6 7. Ndf3 Ba6 8. Ne2
Bxd3 9. Qxd3 Nc6 10. O-O Be7 11. Bf4 Rc8 12. Rac1 O-O 13. Bg3 cxd4 14. cxd4 Nb4
15. Rxc8 Qxc8 16. Qb3 Qa6 17. Nc3 Rc8 18. Bh4 Nc6 19. Bxe7 Nxe7 20. Qb4 Ng6 21.
g3 Qc4 22. Qxc4 Rxc4 23. Re1 a6 24. a4 h6 25. Re3 Ne7 26. b3 Rc8 27. Na2 Nb8 28.
Rc3 Rxc3 29. Nxc3 Nbc6 30. Ne2 f6 31. exf6 gxf6 32. Kf1 Kf7 33. g4 Nc8 34. Nc3
Nd6 35. Ke2 Ke7 36. h4 b5 37. axb5 Nxb5 38. Nxb5 axb5 39. Kd3 1/2-1/2

[Event "40th Olympiad Women"]
[Site "Istanbul TUR"]
[Date "2012.09.03"]
[Round "6.58"]
[Board "3"]
[White "Ramsay, Sheena"]
[Black "Johnson, Gabriella"]
[Result "0-1"]
[WhiteTitle "WCM"]
[WhiteElo "1631"]
[BlackElo "1550"]
[WhiteTeam "Barbados"]
[BlackTeam "Trinidad & Tobago"]
[WhiteFideId "11101610"]
[BlackFideId "7701128"]
[EventDate "2012.08.28"]

1. e4 c5 2. Nf3 d6 3. d4 cxd4 4. Nxd4 g6 5. Nc3 Bg7 6. Be3 Nf6 7. Be2 O-O 8. Qd2
Nc6 9. O-O Bd7 10. Bh6 Qa5 11. Rfd1 Nxd4 12. Bxg7 Nxe2+ 13. Qxe2 Kxg7 14. Nd5
Qd8 15. c4 Rc8 16. b3 Be6 17. Re1 Nd7 18. Qe3 Nb6 19. h4 h5 20. Qd4+ Kh7 21. Re3
Qd7 22. Rg3 Bxd5 23. exd5 Qf5 24. Rc1 Qf6 25. Qd2 Qxh4 26. Re1 Rfe8 27. Ree3
Nxc4 28. bxc4 Qxc4 29. Rc3 Qe4 30. Rge3 Qh4 31. Rh3 Qf6 32. Rhf3 Qg7 33. Rc1 Rc5
34. Rxc5 dxc5 35. Qa5 a6 36. Qxc5 Kg8 37. Qc7 Qa1+ 38. Kh2 Qxa2 39. Qxb7 Qc4 40.
Qd7 Qc8 41. Qa4 Rd8 42. Qf4 Qb8 43. Qxb8 Rxb8 44. Ra3 Rb5 45. Rxa6 Rxd5 46. Ra8+
Kg7 47. Ra7 e6 48. Kg3 Kf6 49. Ra4 Rf5 50. f3 g5 51. Kh2 Rf4 52. Ra5 e5 53. Ra1
g4 54. fxg4 hxg4 55. Kg3 Kg5 56. Re1 Kf5 57. Re3 Re4 58. Rd3 Kg5 59. Rd8 Re3+
60. Kf2 Kf4 61. Rd6 f5 62. Kf1 Kg3 63. Rd2 f4 0-1

[Event "40th Olympiad Women"]
[Site "Istanbul TUR"]
[Date "2012.09.03"]
[Round "6.59"]
[Board "2"]
[White "Siddiqui, Nida Mishraz"]
[Black "Sukhu, Gloria"]
[Result "1-0"]
[WhiteElo "1670"]
[BlackElo "1528"]
[WhiteTeam "Pakistan"]
[BlackTeam "Fiji"]
[WhiteFideId "7800495"]
[BlackFideId "11400099"]
[EventDate "2012.08.28"]

1. e4 e5 2. Nf3 Nc6 3. Nc3 Bc5 4. Bc4 Nd4 5. O-O Nf6 6. Nxe5 O-O 7. Nf3 c6 8.
Nxd4 Bxd4 9. d3 d5 10. Bb3 Be5 11. h3 Bxc3 12. bxc3 dxe4 13. Bg5 h6 14. Bh4 Qa5
15. Bxf6 gxf6 16. dxe4 Qxc3 17. Qd3 Qe5 18. f4 Qc5+ 19. Kh1 Be6 20. Rad1 Bxb3
21. cxb3 Qa3 22. Qc2 Rad8 23. Rd2 Qe7 24. Re1 a6 25. e5 Kh8 26. Rxd8 Rxd8 27.
Qc3 Kg8 28. exf6 Qd6 29. Qg3+ 1-0

[Event "40th Olympiad Women"]
[Site "Istanbul TUR"]
[Date "2012.09.03"]
[Round "6.61"]
[Board "1"]
[White "Pustovoitova, Daria"]
[Black "Madrigal, Ana Daniela"]
[Result "0-1"]
[WhiteTitle "FM"]
[BlackTitle "WFM"]
[WhiteElo "2294"]
[BlackElo "2026"]
[WhiteTeam "IBCA"]
[BlackTeam "Nicaragua"]
[WhiteFideId "4182146"]
[BlackFideId "6101097"]
[EventDate "2012.08.28"]

1. d4 Nf6 2. c4 g6 3. g3 Bg7 4. Bg2 O-O 5. Nc3 d6 6. Nf3 Nbd7 7. O-O e5 8. e4
exd4 9. Nxd4 Nc5 10. h3 Re8 11. Re1 Bd7 12. f3 Qc8 13. Kh2 a5 14. Be3 Re5 15. g4
h5 16. Qd2 hxg4 17. hxg4 Bxg4 18. fxg4 Qxg4 19. Bh3 Rh5 20. Qg2 Qh4 21. Rg1
Nfxe4 22. Nf3 Qe7 23. Nd5 Be5+ 24. Nxe5 Qxe5+ 25. Bf4 Qd4 26. Raf1 Kg7 27. Bxd6
Rxh3+ 28. Qxh3 Rh8 29. Qxh8+ Kxh8 30. Bxc7 Qxb2+ 31. Rg2 Qg7 32. Ne7 Ne6 33. Bb8
N6g5 34. Kh1 Qc3 35. Bf4 Kg7 36. Nd5 Qh3+ 37. Kg1 Nf3+ 38. Rxf3 Qxf3 39. Be5+ f6
40. Bb2 Kf7 41. Nxf6 Nxf6 42. Rf2 Qc6 0-1

[Event "40th Olympiad Women"]
[Site "Istanbul TUR"]
[Date "2012.09.03"]
[Round "6.61"]
[Board "2"]
[White "Mendieta, Kathya"]
[Black "Stolarczyk, Anna"]
[Result "1/2-1/2"]
[WhiteTitle "WCM"]
[BlackTitle "WCM"]
[WhiteElo "1763"]
[BlackElo "1994"]
[WhiteTeam "Nicaragua"]
[BlackTeam "IBCA"]
[WhiteFideId "6101496"]
[BlackFideId "1126423"]
[EventDate "2012.08.28"]

1. e4 c5 2. Nc3 Nc6 3. f4 g6 4. Nf3 Bg7 5. Bb5 Nd4 6. O-O Nxb5 7. Nxb5 d5 8.
exd5 a6 9. Nc3 Nf6 10. d4 c4 11. Qe2 b5 12. a4 b4 13. Nd1 Qc7 14. Ne3 c3 15.
bxc3 bxc3 16. Ba3 O-O 17. Ne5 Bb7 18. f5 Nxd5 19. Nxd5 Bxd5 20. fxg6 fxg6 21.
Bc5 Rxf1+ 22. Rxf1 Rb8 23. Qe3 e6 24. Ng4 Qc6 25. Nh6+ Kh8 26. Bf8 e5 27. Bxg7+
Kxg7 28. Qxe5+ Kxh6 29. Qxb8 Bxg2 30. Qf8+ Kh5 31. Qc5+ Kg4 32. Qxc6 Bxc6 33. a5
Be4 34. Rf6 Bxc2 35. Rc6 Be4 36. Rxc3 Kf4 37. Kf2 Bd5 38. Re3 h5 39. Re5 Bc4 40.
Rc5 Bd3 41. Re5 h4 42. Re7 Bc4 43. Rd7 g5 44. d5 g4 45. Rf7+ Ke5 46. Rg7 g3+ 47.
hxg3 hxg3+ 48. Rxg3 Kxd5 49. Ke3 Kc5 50. Rg5+ Kb4 51. Kd4 Bb5 52. Rg1 Kxa5 53.
Kc5 Ka4 54. Rb1 Ka3 55. Kd4 Ka4 1/2-1/2

[Event "40th Olympiad Women"]
[Site "Istanbul TUR"]
[Date "2012.09.03"]
[Round "6.62"]
[Board "1"]
[White "Hamza, Amira"]
[Black "Melnik, Galina"]
[Result "1/2-1/2"]
[WhiteTitle "WCM"]
[BlackTitle "WFM"]
[WhiteElo "1840"]
[BlackElo "1999"]
[WhiteTeam "Algeria"]
[BlackTeam "IPCA"]
[WhiteFideId "7901160"]
[BlackFideId "4121929"]
[EventDate "2012.08.28"]

1. d4 d5 2. Nf3 Nf6 3. g3 c6 4. Bg2 Bf5 5. O-O h6 6. c4 e6 7. Nbd2 Bd6 8. b3
Nbd7 9. Bb2 O-O 10. e3 Re8 11. Qe2 Ne4 12. c5 Be7 13. b4 a6 14. a4 Qc7 15. Nb3
Bg4 16. h3 Bh5 17. g4 Bg6 18. Rfc1 f5 19. Ne5 Bh7 20. f3 Nef6 21. Bf1 Nf8 22.
Bc3 N6d7 23. Qf2 Ng6 24. Nxg6 Bxg6 25. b5 fxg4 26. hxg4 axb5 27. axb5 e5 28. b6
Qb8 29. Rxa8 Qxa8 30. Ra1 Qb8 31. Ra7 exd4 32. exd4 Bg5 33. Bd2 Bxd2 34. Qxd2
Nf8 35. Na5 Qg3+ 36. Qg2 Qf4 37. Nxb7 Re3 38. Nd6 Rxf3 39. b7 Rg3 40. b8=Q Rxg2+
41. Bxg2 Qe3+ 42. Kh1 Qe1+ 43. Kh2 Qh4+ 44. Bh3 Qf2+ 45. Kh1 Qe1+ 46. Kg2 Qe2+
47. Kg3 Qe3+ 48. Kg2 Qe2+ 49. Kg1 Qe1+ 50. Kg2 Qe2+ 1/2-1/2

[Event "40th Olympiad Women"]
[Site "Istanbul TUR"]
[Date "2012.09.03"]
[Round "6.62"]
[Board "4"]
[White "Kaydanovich, Marina"]
[Black "Abdi, Zineb Dina"]
[Result "1-0"]
[BlackTitle "WCM"]
[WhiteElo "1761"]
[BlackElo "1898"]
[WhiteTeam "IPCA"]
[BlackTeam "Algeria"]
[WhiteFideId "4134877"]
[BlackFideId "7900880"]
[EventDate "2012.08.28"]

1. d4 d5 2. Nf3 Nf6 3. Bg5 e6 4. e3 Nbd7 5. Bd3 Be7 6. Nbd2 h6 7. Bh4 O-O 8. O-O
a6 9. Re1 c5 10. c3 Re8 11. e4 dxe4 12. Nxe4 cxd4 13. Nxd4 Nxe4 14. Bxe7 Nxc3
15. Bxd8 Nxd1 16. Ba5 Nxb2 17. Be4 Nc4 18. Bc3 Nc5 19. Bc2 b6 20. Nf5 e5 21. Ne3
Nxe3 22. Rxe3 f6 23. Rb1 Rb8 24. Ba5 Nd7 25. Bb4 b5 26. Bg6 Re6 27. Bc2 Kh8 28.
Rd1 Rc6 29. Bf5 Rc4 30. a3 Rb7 31. Red3 e4 32. Rd5 Rbc7 33. h3 Rc1 34. Rxc1
Rxc1+ 35. Kh2 Rc7 36. Rd6 Nf8 37. Bxe4 Rd7 38. Rb6 Rd8 39. Rb8 g6 40. Bb7 Kg7
41. Bxf8+ Kxf8 42. Bxa6 Bxa6 43. Rxd8+ Ke7 44. Ra8 Bb7 45. Ra7 1-0

[Event "40th Olympiad Women"]
[Site "Istanbul TUR"]
[Date "2012.09.04"]
[Round "7.1"]
[Board "2"]
[White "Rajlich, Iweta"]
[Black "Kosintseva, Nadezhda"]
[Result "1/2-1/2"]
[WhiteTitle "IM"]
[BlackTitle "GM"]
[WhiteElo "2412"]
[BlackElo "2524"]
[WhiteTeam "Poland"]
[BlackTeam "Russia"]
[WhiteFideId "1108166"]
[BlackFideId "4134974"]
[EventDate "2012.08.28"]

1. c4 Nf6 2. Nc3 e5 3. a3 Nc6 4. Nf3 d5 5. cxd5 Nxd5 6. Qc2 Be7 7. e3 a6 8. Nxd5
Qxd5 9. Bd3 Qd6 10. Be4 Be6 11. Bxc6+ bxc6 12. Nxe5 Bd5 13. Nf3 c5 14. d3 O-O
15. Bd2 Qg6 16. Bc3 Bf6 17. Bxf6 Bxf3 18. gxf3 Qxf6 19. Ke2 Rab8 20. Rab1 Rb6
21. Rhc1 Rfb8 22. Qxc5 Rxb2+ 23. Rxb2 Rxb2+ 24. Rc2 Rxc2+ 25. Qxc2 Qd6 26. Qa4
g5 27. Qg4 h6 28. a4 Kf8 29. h3 a5 30. Qc4 Qb6 31. d4 c6 32. e4 Ke7 33. Ke3 Kf6
34. f4 Kg7 35. f5 Qb1 36. Qc3 Kh7 37. f6 Qf1 38. Qxa5 Qxh3+ 39. Kd2 Qb3 40. Qf5+
Kg8 41. Qc8+ Kh7 42. Qxc6 Qb2+ 43. Ke3 Qb3+ 44. Ke2 Qb2+ 45. Kf1 Qxd4 46. Qd5
Qa1+ 47. Kg2 Kg6 48. Qf5+ Kh5 49. a5 Qa4 50. Kh2 Qa1 51. Qh3+ Kg6 52. Qf5+ Kh5
53. Kg2 Qa4 54. Qd5 Kg6 55. Qe5 h5 56. Qf5+ Kh6 57. Qd5 Kg6 58. Qe5 h4 59. Qf5+
Kh6 60. Kh3 Qd1 61. Kg2 Qa4 62. Kh2 Qa1 63. Qc5 Kg6 64. Qf5+ Kh6 65. Qc5 Kg6 66.
Qf5+ Kh6 67. Kg2 Qa4 68. Qd5 Kg6 69. Qf5+ 1/2-1/2

[Event "40th Olympiad Women"]
[Site "Istanbul TUR"]
[Date "2012.09.04"]
[Round "7.1"]
[Board "4"]
[White "Szczepkowska-Horowska, Karina"]
[Black "Pogonina, Natalija"]
[Result "0-1"]
[WhiteTitle "WGM"]
[BlackTitle "WGM"]
[WhiteElo "2375"]
[BlackElo "2448"]
[WhiteTeam "Poland"]
[BlackTeam "Russia"]
[WhiteFideId "1122681"]
[BlackFideId "4147855"]
[EventDate "2012.08.28"]

1. e4 e5 2. Nf3 Nc6 3. Nc3 Nf6 4. d4 exd4 5. Nxd4 Bb4 6. Nxc6 bxc6 7. Bd3 d5 8.
exd5 cxd5 9. O-O O-O 10. Bg5 c6 11. Qf3 Bd6 12. Rfe1 Rb8 13. Rab1 h6 14. Bxf6
Qxf6 15. Qxf6 gxf6 16. Ne2 Re8 17. b3 Bd7 18. Ng3 Bb4 19. Rxe8+ Rxe8 20. Kf1 Kf8
21. Ne2 a5 22. c4 Ke7 23. cxd5 cxd5 24. Rd1 Rc8 25. Nd4 Kd6 26. Nc2 Bg4 27. f3
Be6 28. Ne3 Bc3 29. h3 Kc5 30. Rc1 d4 31. Ng4 Bxg4 32. hxg4 Re8 33. Be4 Kb4 34.
Ke2 Ka3 35. Rc2 h5 36. Kd3 Rh8 37. Bd5 hxg4 38. fxg4 Rh4 39. Bxf7 Rxg4 40. Bd5
Rg3+ 41. Bf3 Rg6 42. Be4 Rh6 43. Rf2 Rh1 44. Bd5 Rd1+ 45. Kc2 Re1 46. Bc4 Rg1
47. Kd3 f5 48. Bd5 Rd1+ 49. Kc2 Ra1 50. Kd3 f4 51. Bc4 Rd1+ 52. Kc2 Rg1 53. Bd5
Ra1 54. Kd3 Re1 55. Bc4 Re3+ 56. Kc2 Rg3 57. Bd5 Rg5 58. Bc4 Rg3 59. Bd5 Bb4 60.
Rxf4 d3+ 61. Kd1 d2 62. Rxb4 axb4 63. Kxd2 Kxa2 64. Kc2 Rg5 65. Be4 Rc5+ 66. Kd3
Kxb3 67. g4 Rc3+ 68. Ke2 Kc4 69. Bf5 Kd4 70. g5 Rc5 0-1

[Event "40th Olympiad Women"]
[Site "Istanbul TUR"]
[Date "2012.09.04"]
[Round "7.2"]
[Board "3"]
[White "Javakhishvili, Lela"]
[Black "Huang, Qian"]
[Result "0-1"]
[WhiteTitle "IM"]
[BlackTitle "WGM"]
[WhiteElo "2458"]
[BlackElo "2449"]
[WhiteTeam "Georgia"]
[BlackTeam "China"]
[WhiteFideId "13601458"]
[BlackFideId "8602689"]
[EventDate "2012.08.28"]

1. d4 g6 2. c4 Bg7 3. Nf3 Nf6 4. Nc3 O-O 5. g3 c6 6. Bg2 d5 7. cxd5 cxd5 8. Ne5
Nc6 9. O-O Bf5 10. Nxc6 bxc6 11. Na4 Nd7 12. Be3 Nb6 13. Nc5 Nd7 14. Rc1 Nxc5
15. Rxc5 Bd7 16. Qd2 Qb6 17. Bf4 a5 18. Qc3 Qb4 19. e3 Rfc8 20. Qc1 Bf8 21. a3
Qb6 22. Rc3 a4 23. Qc2 Ra5 24. e4 e6 25. Be5 dxe4 26. Bxe4 Bg7 27. b4 axb3 28.
Rxb3 Rb5 29. Rfb1 f6 30. Bf4 f5 31. Bd3 Rxb3 32. Rxb3 Qxd4 33. Ba6 Re8 34. Rd3
Qa7 35. Bc4 c5 36. Qd2 Bd4 37. Be5 Bc6 38. Bxd4 cxd4 39. Rxd4 Qxa3 40. Qe2 Kf7
41. Rd1 Re7 42. Re1 Be4 43. Qe3 Qxe3 44. Rxe3 Rc7 45. Bf1 Kf6 46. h4 Rc1 47. f4
h6 48. Kf2 g5 49. hxg5+ hxg5 50. fxg5+ Kxg5 51. Be2 Bd5 52. Ra3 Rc2 53. Ke3 Rb2
54. Ra5 Rb3+ 55. Kf2 Rc3 56. Bd1 Kf6 57. Be2 Bc6 58. Ra7 e5 59. Rc7 Ke6 60. Bd1
e4 61. Ke1 Kd6 62. Rg7 e3 63. Bh5 Bb5 64. Kd1 Ra3 65. Rg5 Bd3 66. Kc1 Rb3 0-1

[Event "40th Olympiad Women"]
[Site "Istanbul TUR"]
[Date "2012.09.04"]
[Round "7.2"]
[Board "4"]
[White "Ding, Yixin"]
[Black "Khurtsidze, Nino"]
[Result "1-0"]
[WhiteTitle "WGM"]
[BlackTitle "IM"]
[WhiteElo "2424"]
[BlackElo "2444"]
[WhiteTeam "China"]
[BlackTeam "Georgia"]
[WhiteFideId "8602972"]
[BlackFideId "13600320"]
[EventDate "2012.08.28"]

1. e4 c5 2. Nf3 e6 3. d4 cxd4 4. Nxd4 Nf6 5. Nc3 d6 6. Be3 a6 7. Be2 Qc7 8. Qd2
b5 9. a3 Bb7 10. f3 Nbd7 11. O-O-O Be7 12. g4 Ne5 13. Ndxb5 axb5 14. Nxb5 Qc6
15. Nxd6+ Bxd6 16. Qxd6 Nfd7 17. Qxc6 Nxc6 18. Rd6 Ke7 19. Rhd1 Rhd8 20. b3 e5
21. Bb5 Rac8 22. Kb2 Nd4 23. Rxd7+ Rxd7 24. Bxd7 Rxc2+ 25. Kb1 Rc3 26. Bxd4 exd4
27. Kb2 Rxf3 28. Rxd4 Re3 29. a4 Bxe4 30. a5 g6 31. a6 Bh1 32. Bc8 Re5 33. Rb4
f5 34. Bb7 Be4 35. Bxe4 fxe4 36. a7 Ra5 37. Ra4 1-0

[Event "40th Olympiad Women"]
[Site "Istanbul TUR"]
[Date "2012.09.04"]
[Round "7.3"]
[Board "1"]
[White "Lahno, Kateryna"]
[Black "Skripchenko, Almira"]
[Result "1/2-1/2"]
[WhiteTitle "GM"]
[BlackTitle "IM"]
[WhiteElo "2542"]
[BlackElo "2442"]
[WhiteTeam "Ukraine"]
[BlackTeam "France"]
[WhiteFideId "14109336"]
[BlackFideId "13900145"]
[EventDate "2012.08.28"]

1. e4 d5 2. exd5 Qxd5 3. Nc3 Qa5 4. d4 Nf6 5. Bd2 Bg4 6. f3 Bd7 7. Bc4 Qb6 8.
Nge2 e6 9. Be3 Be7 10. Bf2 O-O 11. O-O c5 12. d5 exd5 13. Nxd5 Nxd5 14. Qxd5 Be6
15. Qe4 Bxc4 16. Qxc4 Qb4 17. Qxb4 cxb4 18. Rad1 Rc8 19. c3 bxc3 20. Nxc3 Nc6
21. Rd7 b6 22. Nb5 Bf6 23. b3 a6 24. Nd6 Rd8 25. Rxd8+ Rxd8 26. Ne4 Bd4 27. Rc1
Bxf2+ 28. Nxf2 Ne7 29. Kf1 f6 30. Rd1 Rxd1+ 1/2-1/2

[Event "40th Olympiad Women"]
[Site "Istanbul TUR"]
[Date "2012.09.04"]
[Round "7.3"]
[Board "3"]
[White "Zhukova, Natalia"]
[Black "Maisuradze, Nino"]
[Result "1/2-1/2"]
[WhiteTitle "GM"]
[BlackTitle "WGM"]
[WhiteElo "2442"]
[BlackElo "2284"]
[WhiteTeam "Ukraine"]
[BlackTeam "France"]
[WhiteFideId "14101513"]
[BlackFideId "13601717"]
[EventDate "2012.08.28"]

1. d4 d5 2. c4 e6 3. Nc3 Be7 4. Nf3 Nf6 5. Bg5 O-O 6. e3 h6 7. Bh4 Ne4 8. Bxe7
Qxe7 9. Rc1 c6 10. g4 Rd8 11. Rg1 c5 12. cxd5 exd5 13. h4 Nc6 14. g5 h5 15. Be2
Bg4 16. Kf1 Bh3+ 17. Ke1 Bg4 18. Kf1 Bh3+ 19. Ke1 g6 20. dxc5 d4 21. Nxd4 Nxd4
22. exd4 Bg4 23. Kf1 Bh3+ 24. Ke1 Bg4 25. Kf1 Bh3+ 26. Ke1 1/2-1/2